000146238 001__ 146238
000146238 005__ 20241122150936.0
000146238 037__ $$aTAZ-TFG-2024-3971
000146238 041__ $$aeng
000146238 1001_ $$aMarqués Vicente, Elvira Xiaoheng
000146238 24200 $$aStudy on the NextGenerationEU funds and the PERTE VEC beneficiaries.
000146238 24500 $$aEstudio sobre los fondos NextGenerationEU y los beneficiarios del PERTE VEC.
000146238 260__ $$aZaragoza$$bUniversidad de Zaragoza$$c2024
000146238 500__ $$aResumen disponible también en inglés.
000146238 506__ $$aby-nc-sa$$bCreative Commons$$c3.0$$uhttp://creativecommons.org/licenses/by-nc-sa/3.0/
000146238 520__ $$aEl siguiente Trabajo de Fin de Grado comprende una descripción de los fondos NextGenerationEU, una herramienta diseñada por el Comité Europeo para hacer frente a los desafíos económicos y financieros que se dieron lugar tras la pandemia de la Covid-19, al igual que para coadyuvar al cambio de paradigma económico. En esta descripción se explica qué componentes conforman este proyecto y bajo qué criterios se reparte esta ayuda de 750.000 millones de euros entre los países miembros de la UE, haciendo alusión asimismo de los objetivos que se buscan cumplir con ellos.<br />Por otra parte, se focaliza en los fondos dirigidos a España y la gestión de los mismos, ya que cada país, bajo un marco común, decide cómo distribuir las ayudas dentro de su territorio. En el caso de este país, el gobierno formuló el plan España Puede, basado en la transición ecológica, la transformación digital, la cohesión social y territorial, y la igualdad de género. Este dictaminó que los fondos serían principalmente asignados en forma de PERTEs.<br /> <br />El objeto de estudio de este trabajo es el PERTE VEC, referente al vehículo eléctrico y conectado, y a partir de uno de sus proyectos se realiza una investigación sobre una muestra de empresas beneficiarias de esta ayuda con el fin de encontrar características comunes.<br /><br />
000146238 521__ $$aGraduado en Administración y Dirección de Empresas
000146238 540__ $$aDerechos regulados por licencia Creative Commons
000146238 691__ $$a9 11
000146238 692__ $$aLos fondos NextGenerationEU, acordados por el Consejo Europeo, fueron creados como un instrumento de ayuda para hacer frente a las consecuencias económicas y sociales de la pandemia, y sus objetivos se alinean con los ODS.
000146238 700__ $$aAcerete Gil, José Basilio$$edir.
000146238 700__ $$aGasca Galán, María del Mar$$edir.
000146238 7102_ $$aUniversidad de Zaragoza$$bContabilidad y Finanzas$$cEconomía Financiera y Contabilidad
000146238 8560_ $$f815634@unizar.es
000146238 8564_ $$s7881294$$uhttps://zaguan.unizar.es/record/146238/files/TAZ-TFG-2024-3971.pdf$$yMemoria (eng)
000146238 909CO $$ooai:zaguan.unizar.es:146238$$pdriver$$ptrabajos-fin-grado
000146238 950__ $$a
000146238 951__ $$adeposita:2024-11-22
000146238 980__ $$aTAZ$$bTFG$$cECON
000146238 999__ $$a20240904150201.CREATION_DATE